| 000 | 00658cam a2200241 4500500 | ||
|---|---|---|---|
| 005 | 20260405003520.0 | ||
| 041 | _afre | ||
| 042 | _adc | ||
| 100 | 1 | 0 |
_aLarmagnac-Matheron, Octave _eauthor |
| 245 | 0 | 0 | _a“Neutres” |
| 260 | _c2022. | ||
| 500 | _a38 | ||
| 690 | _aÉtudiant | ||
| 690 | _aIngénieur | ||
| 690 | _aJacques Ellul | ||
| 690 | _aNeutre | ||
| 690 | _aSavoir | ||
| 690 | _aScience | ||
| 690 | _aTechnique | ||
| 690 | _aTransmission | ||
| 786 | 0 | _nPhilosophie magazine | 160 | 6 | 2022-06-01 | p. 5-5 | 1951-1787 | |
| 856 | 4 | 1 | _uhttps://shs.cairn.info/magazine-philosophie-magazine-2022-6-page-5?lang=fr&redirect-ssocas=7080 |
| 999 |
_c2068270 _d2068270 |
||